000 01335nam a2200253 4500
001 108493
003 DR-UNIBE
005 20250613144632.0
008 250613b2020 xxu||||| |||| 00| 0 eng d
020 _a9781735090146
040 _aBIBLIOTECA UNIBE
_cBIBLIOTECA UNIBE
_bspa
_erda
041 _aeng
082 _a615 C129c
100 _aCafer, Jason
_eautor
_9196398
245 1 0 _aCafer's Psychopharmacology :
_bvisualize to memorize : 270 medication mascots /
_cJason Cafer
260 _aMissouri :
_bCaferMed,
_c2020
300 _a304 páginas :
_bilustraciones
490 _aCambridge medicine
505 _aInterations | Stabilizers/Antiepileptics | Barbiturates | Benzodiazepines | Anxiolytics/Hypnotics | Intro to antidepressants | Tricyclics | Modern antidepressants | MAOIs | Others for depression | Intro to antipsychotics | 1st gen antipsychotics | 2nd gen antipsychotics | Anticholinergics | Cognitive enhancers | Sympatholytics | Muscle relaxants | DA depleting agents | Parkinson’s disease | Stimulants | Addiction medicine | Opioids | Sexual dysfunction | Antimicrobials | Hormones | Leftovers | Interaction Wrap-up |
650 7 _aPsicofarmacología
_2lemb
650 7 _aMedicamentos
_2lemb
700 _aLink, Julianna
_eeditor
_9196399
942 _2ddc
_cBK
999 _c113752
_d113752